000 00239nam a2200097Ia 4500
001 924426
005 20250826191521.0
008 250824s9999 xx 000 0 und d
245 0 _aBABALAR VE OĞULLAR
_cTURGENYEV
260 _bANONİM YAYINLARI
999 _c924426
_d924426